Công nghệ sản xuất vắc xin

Nội dung cuốn sách trình bày những kiến thức cơ bản về vắc xin, các nguyên tắc phát triển một vắc xin, một số kỹ thuật sử dụng trong sản xuất, thực hành sản xuất tốt cho sản xuất và kiểm tra chất lượng vắc xin....

Полное описание

Сохранить в:
Библиографические подробности
Главный автор: Nguyễn Thị Xuân Sâm (Chủ biên)
Формат:
Язык:Vietnamese
Опубликовано: H. Bách khoa Hà Nội 2020
Редактирование:Xuất bản lần thứ 2 có sửa chữa
Предметы:
Метки: Добавить метку
Нет меток, Требуется 1-ая метка записи!
Thư viện lưu trữ: Thư viện Trường Đại học Nam Cần Thơ
LEADER 01643nam a22002417a 4500
001 NCT_4_013880
008 241016b xxu||||| |||| 00| 0 vie d
999 |c 8654  |d 8654 
020 |a 9786049931178  |c 110000 
082 0 4 |2 23rd ed.  |a 615.372  |b S120 
100 1 |a Nguyễn Thị Xuân Sâm  |e Chủ biên 
245 1 0 |a Công nghệ sản xuất vắc xin  |c Nguyễn Thị Xuân Sâm (Chủ biên) 
250 |a Xuất bản lần thứ 2 có sửa chữa 
260 |a H.  |b Bách khoa Hà Nội  |c 2020 
300 |a 151 tr.  |b Minh hoạ  |c 24cm 
520 3 |a Nội dung cuốn sách trình bày những kiến thức cơ bản về vắc xin, các nguyên tắc phát triển một vắc xin, một số kỹ thuật sử dụng trong sản xuất, thực hành sản xuất tốt cho sản xuất và kiểm tra chất lượng vắc xin. 
653 |a Y đa khoa 
942 |2 ddc  |c BK 
952 |0 0  |1 0  |2 ddc  |4 0  |6 615_372000000000000_S120  |7 0  |9 29736  |a 000001  |b 000001  |d 2024-10-21  |o 615.372 S120  |p MD.22919  |r 2024-10-21  |v 110000.00  |w 2024-10-21  |y BK 
952 |0 0  |1 0  |2 ddc  |4 0  |6 615_372000000000000_S120  |7 0  |9 29737  |a 000001  |b 000001  |d 2024-10-21  |o 615.372 S120  |p MD.22920  |r 2024-10-21  |v 110000.00  |w 2024-10-21  |y BK 
952 |0 0  |1 0  |2 ddc  |4 0  |6 615_372000000000000_S120  |7 0  |9 29738  |a 000001  |b 000001  |d 2024-10-21  |o 615.372 S120  |p MD.22921  |r 2024-10-21  |v 110000.00  |w 2024-10-21  |y BK 
952 |0 0  |1 0  |2 ddc  |4 0  |6 615_372000000000000_S120  |7 0  |9 29739  |a 000001  |b 000001  |d 2024-10-21  |o 615.372 S120  |p MD.22922  |r 2024-10-21  |v 110000.00  |w 2024-10-21  |y BK 
980 |a Thư viện Trường Đại học Nam Cần Thơ